000 01306nam a2200337 a 4500
001 ebr10438366
003 CaPaEBR
006 m u
007 cr cn|||||||||
008 090306s2009 njuab s 001 0 eng d
010 _z 2009009773
020 _z9780470381243 (cloth : alk. paper)
020 _z0470381248 (cloth : alk. paper)
020 _z9781118059869 (e-book)
040 _aCaPaEBR
_cCaPaEBR
035 _a(OCoLC)441875043
050 1 4 _aG70.212
_b.K464 2009eb
082 0 4 _a005.74/3
_222
100 1 _aKennedy, Heather.
245 1 0 _aIntroduction to 3D data
_h[electronic resource] :
_bmodeling with ArcGIS 3D analyst and Google earth /
_cK. Heather Kennedy.
260 _aHoboken, N.J. :
_bJohn Wiley,
_cc2009.
300 _axi, 332 p. :
_bill., maps.
500 _aIncludes index.
533 _aElectronic reproduction.
_bPalo Alto, Calif. :
_cebrary,
_d2013.
_nAvailable via World Wide Web.
_nAccess may be limited to ebrary affiliated libraries.
630 0 0 _aArcGIS.
650 0 _aGeographic information systems.
650 0 _aThree-dimensional display systems.
655 7 _aElectronic books.
_2local
710 2 _aebrary, Inc.
856 4 0 _uhttp://site.ebrary.com/lib/rucke/Doc?id=10438366
_zAn electronic book accessible through the World Wide Web; click to view
999 _c133283
_d133283